| 000 | 00416cam a22001337a 4500 | ||
|---|---|---|---|
| 008 | 180718b1992 xxu||||| |||| 00| 0 eng d | ||
| 082 | _aAPPPA 91-92 GHO | ||
| 100 | _aGhose, Minakshi | ||
| 245 |
_aSocial advertising by central government _cby Minakshi Ghose |
||
| 260 |
_aNew Delhi _bIndian Institute of Public Administration _c1992 |
||
| 300 | _a103p. | ||
| 650 | _aCentral government | ||
| 650 | _aSocial advertising | ||
| 999 |
_c501594 _d501594 |
||